Introducción a las estructuras de datos: aprendizaje activo basado en casos. Un enfoque moderno usando Java, UML, objetos y eclipse
Gespeichert in:
| 1. Verfasser: | |
|---|---|
| Format: | Buch |
| Sprache: | Spanisch |
| Veröffentlicht: |
Bogotá
Pearson Educación
2008
|
| Ausgabe: | 1a. ed |
| Schlagworte: | |
| Tags: |
Tag hinzufügen
Keine Tags, Fügen Sie den ersten Tag hinzu!
|
MARC
| LEADER | 00000cam a2200000 a 4500 | ||
|---|---|---|---|
| 001 | UCH0102 | ||
| 003 | CL-VaPUC | ||
| 008 | 090108e20080000CK |||||||||||||||||spa|d | ||
| 020 | |a 9789586991049 | ||
| 082 | 0 | 4 | |a 005.73 |b VIL |2 21 |
| 100 | 0 | |a Villalobos S., Jorge A |e author |9 534191 | |
| 245 | 1 | 0 | |a Introducción a las estructuras de datos: aprendizaje activo basado en casos. Un enfoque moderno usando Java, UML, objetos y eclipse |
| 250 | |a 1a. ed | ||
| 300 | |a 477 p | ||
| 942 | |c BK | ||
| 945 | |d 20090108 00:00:00 |a jtorresc | ||
| 260 | |a Bogotá |b Pearson Educación |c 2008 | ||
| 500 | |a Incluye un Cd-rom | ||
| 650 | 7 | |a ESTRUCTURA DE DATOS |2 CL-VaPUC |9 406477 | |
| 650 | 0 | |a Algoritmos |9 260639 | |
| 650 | 0 | |a Gestión de datos |9 353312 | |
| 650 | 0 | |a Java |9 370043 | |
| 650 | 7 | |a UML |2 CL-VaPUC |9 534192 | |
| 583 | |a last modification |c 20121112 08:46:03 |k Rodrigo Vera | ||
| 999 | |c 332483 |d 332481 | ||
| 952 | |0 0 |1 0 |4 0 |6 005_730000000000000_VIL_2008 |7 0 |8 A |9 420212 |a BIBING |b BIBING |d 2019-11-22 |i 4508092 |o 005.73 VIL 2008 |p 4508092 |r 2025-01-20 |w 2019-11-22 |y BK |k CCI | ||
| 952 | |0 0 |1 0 |4 0 |6 005_730000000000000_VIL_2008 |7 0 |8 A |9 420213 |a BIBING |b BIBING |d 2019-11-22 |i 4923715 |o 005.73 VIL 2008 |p 4923715 |r 2025-01-20 |w 2019-11-22 |y BK |k CCI | ||
| 952 | |0 0 |1 0 |4 0 |6 005_730000000000000_VIL_2008 |7 0 |8 A |9 420214 |a BIBING |b BIBING |d 2019-11-22 |i 4923723 |o 005.73 VIL 2008 |p 4923723 |r 2025-01-20 |w 2019-11-22 |y BK |k CCI | ||
| 952 | |0 0 |1 0 |4 0 |6 005_730000000000000_VIL_2008 |7 0 |8 A |9 420216 |a BIBING |b BIBING |d 2019-11-22 |i 4993314 |o 005.73 VIL 2008 |p 4993314 |r 2025-01-20 |w 2019-11-22 |y BK |k CCI | ||
| 952 | |0 0 |1 0 |4 0 |6 005_730000000000000_VIL_2008 |7 0 |8 A |9 420218 |a BIBING |b BIBING |d 2019-11-22 |i 4993330 |o 005.73 VIL 2008 |p 4993330 |r 2025-01-20 |w 2019-11-22 |y BK |k CCI | ||
| 952 | |0 0 |1 0 |4 0 |6 005_730000000000000_VIL_2008 |7 0 |8 A |9 420219 |a BIBING |b BIBING |d 2019-11-22 |i 4993349 |o 005.73 VIL 2008 |p 4993349 |r 2025-01-20 |w 2019-11-22 |y BK |k CCI | ||
| 952 | |0 0 |1 0 |4 0 |6 005_730000000000000_VIL_2008 |7 0 |8 A |9 420220 |a BIBING |b BIBING |d 2019-11-22 |i 4993357 |l 1 |o 005.73 VIL 2008 |p 4993357 |q 2025-05-16 |r 2025-05-09 |s 2025-05-09 |w 2019-11-22 |y BK |k CCI | ||
| 952 | |0 0 |1 0 |4 0 |6 005_730000000000000_VIL_2008 |7 0 |8 A |9 420221 |a BIBING |b BIBING |d 2019-11-22 |i 4993365 |o 005.73 VIL 2008 |p 4993365 |r 2025-01-20 |w 2019-11-22 |y BK |k CCI | ||